<?xml version="1.0" encoding="UTF-8"?>
<record
    xmlns:xsi="http://www.w3.org/2001/XMLSchema-instance"
    xsi:schemaLocation="http://www.loc.gov/MARC21/slim http://www.loc.gov/standards/marcxml/schema/MARC21slim.xsd"
    xmlns="http://www.loc.gov/MARC21/slim">

  <leader>00402nam a2200121   4500</leader>
  <controlfield tag="008">708 G212p</controlfield>
  <datafield tag="082" ind1=" " ind2=" ">
    <subfield code="a">708</subfield>
    <subfield code="b">G212p</subfield>
  </datafield>
  <datafield tag="100" ind1=" " ind2=" ">
    <subfield code="a">Garaicoa, Carlos</subfield>
    <subfield code="9">4224</subfield>
  </datafield>
  <datafield tag="245" ind1=" " ind2=" ">
    <subfield code="a">Paisaje</subfield>
  </datafield>
  <datafield tag="260" ind1=" " ind2=" ">
    <subfield code="a">San Jos&#xE9;, Costa Rica</subfield>
    <subfield code="b">TEOR/&#xE9;Tica</subfield>
    <subfield code="c">1999</subfield>
  </datafield>
  <datafield tag="300" ind1=" " ind2=" ">
    <subfield code="a">8 p.</subfield>
    <subfield code="b">ill (col)</subfield>
    <subfield code="c">20,3 x 21,5 cm</subfield>
  </datafield>
  <datafield tag="650" ind1=" " ind2=" ">
    <subfield code="x">arte contempor&#xE1;neo</subfield>
    <subfield code="x">arte - exhibiciones</subfield>
    <subfield code="x">arte - Cuba</subfield>
    <subfield code="x">arte - instalaci&#xF3;n</subfield>
    <subfield code="x">arte - fotograf&#xED;a</subfield>
    <subfield code="x">arte - dibujo</subfield>
    <subfield code="9">6764</subfield>
  </datafield>
  <datafield tag="999" ind1=" " ind2=" ">
    <subfield code="c">1657</subfield>
    <subfield code="d">1657</subfield>
  </datafield>
  <datafield tag="952" ind1=" " ind2=" ">
    <subfield code="0">0</subfield>
    <subfield code="1">0</subfield>
    <subfield code="2">ddc</subfield>
    <subfield code="4">0</subfield>
    <subfield code="7">0</subfield>
    <subfield code="a">LV</subfield>
    <subfield code="b">LV</subfield>
    <subfield code="c">Colecci&#xF3;n Teor&#xE9;tica</subfield>
    <subfield code="d">2018-11-01</subfield>
    <subfield code="l">0</subfield>
    <subfield code="o">708 G212p</subfield>
    <subfield code="p">002214</subfield>
    <subfield code="r">2018-11-01 00:00:00</subfield>
    <subfield code="w">2018-11-01</subfield>
    <subfield code="y">01</subfield>
  </datafield>
  <datafield tag="952" ind1=" " ind2=" ">
    <subfield code="0">0</subfield>
    <subfield code="1">0</subfield>
    <subfield code="2">ddc</subfield>
    <subfield code="4">0</subfield>
    <subfield code="7">0</subfield>
    <subfield code="a">LV</subfield>
    <subfield code="b">LV</subfield>
    <subfield code="c">Colecci&#xF3;n Teor&#xE9;tica</subfield>
    <subfield code="d">2018-11-01</subfield>
    <subfield code="l">0</subfield>
    <subfield code="o">708 G212p</subfield>
    <subfield code="p">002168</subfield>
    <subfield code="r">2018-11-01 00:00:00</subfield>
    <subfield code="w">2018-11-01</subfield>
    <subfield code="y">01</subfield>
  </datafield>
</record>
